000 00658nam a2200193 a 4500
005 20230202063704.0
008 061117s1999 mx r 000 0 spa d
020 _a9682321808
035 _aUPN01000148012
049 _aCG
050 4 _aQ295
_bP4.7
245 0 0 _aPerspectivas en las teorías de sistemas /
_cSantiago Ramírez ... [et al.].
260 _aMéxico :
_bSiglo XXI :
_bUNAM, Centro de Investigaciones Interdisciplinarias en Ciencias y Humanidades,
_c1999.
300 _a109 p.
440 0 _aBiblioteca aprender a aprender
650 4 _aTeoría de sistemas
_926620
700 1 _aRamírez, Santiago,
_d1921-1989
_ecoaut.
_935351
905 _aLibro
999 _c120154
_d120154